000 00994nam a2200301 i 4500
003 EG-GICUC
005 20260209094807.0
008 260209s1935 fr ||||fr ||| 00| 0 fre d
040 _aEG-GICUC
_cEG-GICUC
_dEG-GICUC
_erda
_bfre
082 0 4 _221
_a341.79
_bTR . D
092 0 4 _221
099 _aLaw1 11 341.79 TR . D 1935
100 1 _aTravers,Maurice
_eAuteur
245 _aLe Droit Commercial International .
_nVolume 7 /
_cMaurice Maurice .
264 0 _aParis :
_bLibrairie Du Recueil Sirey ,
_c1935 .
300 _a703 Pages;
_c30 cm.
_billustration ;
336 _atext
_2rda content
337 _aComputer
_2rda media
338 _aOnline Resource
_2rda carrier
504 _aBibliography: pages 200-250. 240-220
546 _aTexte en français
650 0 4 _aDroit International Public
_2qrmak
650 0 4 _aDroit Commercial International
_2qrmak
651 1 _2qrmak
856 _uhttps://fll.law.cu.edu.eg/fulltext/th/B11-07533.pdf
905 _a59
942 _2ddc
_cBK
_e21
_n0
999 _c61734
_d61734